|
|
|
|
| LEADER |
00826nas a22002297a 4500 |
| 003 |
BD-DhAAL |
| 005 |
20181125134459.0 |
| 008 |
181125b xxu||||| |||| 00| 0 eng d |
| 999 |
|
|
|c 40297
|d 40297
|
| 037 |
|
|
|b Bangladesh Enterprise Institute
|
| 040 |
|
|
|a BD-DhAAL
|
| 082 |
|
|
|a 302.5492
|
| 222 |
|
|
|a BEI Journal
|
| 245 |
|
|
|a BEI Journal
|
| 260 |
|
|
|a Dhaka;
|a Bangladesh:
|b Bangladesh Enterprise Institute
|c 2018
|
| 300 |
|
|
|a v. :
|
| 362 |
|
|
|a V. 1, N. 1; July.2018-
|
| 650 |
|
|
|a Investment
|v Periodicals.
|9 29028
|x Trade
|
| 651 |
|
|
|a Bangladesh
|9 29030
|
| 700 |
|
|
|a Kabir, Mohammad Humayan
|e Editor
|9 29029
|
| 942 |
|
|
|2 ddc
|c CR
|s 1
|
| 952 |
|
|
|0 0
|1 0
|2 ddc
|4 0
|6 302_549200000000000
|7 1
|8 REF
|9 64717
|a BRACUL
|b BRACUL
|c REF
|d 2018-11-25
|e Bangladesh Enterprise Institute
|h Vol.1, Number 1, July 2018
|l 0
|o 302.5492
|r 2018-11-25
|v 200.00
|w 2018-11-25
|y CR
|